000
00339nam a2200145Ia 4500
001
R-1286
003
CODICE-MESSINA
005
20260212102505.0
008
260211s9999 xx 000 0 und d
040
_c
importazione_messina
100
_a
Joanne Harris
245
0
_a
Vino ,Pata E Mele Rosse
260
_b
Garzanti
942
_2
ddc
_c
BK
999
_c
27786
_d
27786